| 000 | 00937cam a22002895a 4500 | ||
|---|---|---|---|
| 001 | 016504077 | ||
| 003 | OSt | ||
| 005 | 20201128024125.0 | ||
| 008 | 130828t2014 flua frbd 001 0 eng d | ||
| 020 | _a9781466564091 | ||
| 040 |
_aStDuBDS _beng _cStDuBDS _dEG-ScBUE |
||
| 082 | 0 | 4 |
_222 _a620.11 _bFAR |
| 100 | 1 |
_aFarag, Mahmoud M., _d1937- _94601 |
|
| 245 | 1 | 0 |
_aMaterials and process selection for engineering design / _cMahmoud M. Farag. |
| 250 | _a3rd ed. | ||
| 260 |
_aBoca Raton : _bCRC Press / Taylor & Francis Group, _cc.2014. |
||
| 300 |
_axxiii, 513 p. : _bill. ; _c24 cm. |
||
| 500 | _aGlossary : p. 483-494. | ||
| 500 | _aIndex : p. 495-513. | ||
| 504 | _aIncludes bibliographical references. | ||
| 650 | 7 |
_aEngineering design. _2BUEsh _93587 |
|
| 650 | 7 |
_aMaterials. _2BUEsh _91256 |
|
| 650 | 7 |
_aManufacturing processes. _2BUEsh _94604 |
|
| 653 |
_bENGMEC _cFebruary2017 |
||
| 655 |
_vReading book _934232 |
||
| 942 | _2ddc | ||
| 999 |
_c24090 _d24062 |
||